Score 0/16 Timer 02:00
1 Play Today
Clue 4-Letter Word % Correct
It is used to assist someone in walkingCANE
96.9%
You might see one in Swiss cheeseHOLE
95.9%
Sand hill formed by windDUNE
95.7%
An inhabitant of DenmarkDANE
95.6%
Orange item found around construction sitesCONE
95.3%
Last name of a famous secret agentBOND
94.6%
To make text darkerBOLD
92.9%
Madonna's 'Truth or ___'DARE
92.8%
Clue 4-Letter Word % Correct
What a scapula is made ofBONE
90.9%
Lower storage portion of a shipHOLD
88.8%
Racer Earnhardt Jr. or Sr.DALE
86.9%
American patriot NathanHALE
83.7%
Make money through workEARN
79.3%
Highest British peerage rankDUKE
77.3%
Mend a hole in a knitted sockDARN
76.3%
British peerage rank between Marquess and ViscountEARL
69%

Today's Daily Dose

You're not logged in!

Compare scores with friends on all Sporcle quizzes.
OR
Log In

Sporcle TV

Today on Sporcle TV


Watch our educational content, quiz creation guides, and fun videos on Sporcle TV.

Show Comments

Extras

Top Quizzes Today


Score Distribution

Your Account Isn't Verified!

In order to create a playlist on Sporcle, you need to verify the email address you used during registration. Go to your Sporcle Settings to finish the process.

Report this User

Report this user for behavior that violates our Community Guidelines.

Details: